Provinces of Spain - Statistics

Statistiche generali
  • Questo quiz è stato fatto 6 volte
  • Il punteggio medio è 13 su 50
Statistiche sulle risposte
Autonomous community Province % Corretto
Catalonia Barcelona
100%
Community of Madrid Madrid
100%
Andalusia Granada
80%
Andalusia Málaga
80%
Valencian Community Valencia
80%
Galicia La Coruña
60%
Region of Murcia Murcia
60%
Valencian Community Alicante
40%
Andalusia Cádiz
40%
Andalusia Córdoba
40%
La Rioja La Rioja
40%
Canary Islands Las Palmas
40%
Canary Islands Santa Cruz de Tenerife
40%
Castile and León Valladolid
40%
Aragon Zaragoza
40%
Basque Country Álava
20%
Castilla-La Mancha Albacete
20%
Asturias Asturias
20%
Extremadura Badajoz
20%
Balearic Islands Balearic Islands
20%
Basque Country Biscay
20%
Castile and León Burgos
20%
Cantabria Cantabria
20%
Valencian Community Castellón
20%
Catalonia Girona
20%
Basque Country Guipúzcoa
20%
Aragon Huesca
20%
Castile and León León
20%
Catalonia Lleida
20%
Galicia Lugo
20%
Navarre Navarre
20%
Castile and León Salamanca
20%
Castile and León Segovia
20%
Andalusia Seville
20%
Castile and León Soria
20%
Catalonia Tarragona
20%
Castilla-La Mancha Toledo
20%
Andalusia Almería
0%
Castile and León Ávila
0%
Extremadura Cáceres
0%
Castilla-La Mancha Ciudad Real
0%
Castilla-La Mancha Cuenca
0%
Castilla-La Mancha Guadalajara
0%
Andalusia Huelva
0%
Andalusia Jaén
0%
Galicia Ourense
0%
Castile and León Palencia
0%
Galicia Pontevedra
0%
Aragon Teruel
0%
Castile and León Zamora
0%
Nessun quiz corrispondente trovato
Distribuzione punteggi
Percentuale di utenti per punteggio
Percentile per numero di risposta
I tuoi punteggi nel tempo
Non hai fatto questo quiz